书目信息 |
| 题名: |
中老年健身迪斯科
|
|
| 作者: | 刘承鸾 著 | |
| 分册: | ||
| 出版信息: | 北京 北京大学出版社 1988.12 |
|
| 页数: | 55页 | |
| 开本: | 19cm | |
| 丛书名: | ||
| 单 册: | ||
| 中图分类: | G899 | |
| 科图分类: | ||
| 主题词: | 文娱性体育活动 | |
| 电子资源: | ||
| ISBN: | 7-301-00617-9 | |
| 000 | 00565nam0 2200193 45 | |
| 001 | 0405090950 | |
| 005 | 20040509100157.8 | |
| 010 | @a7-301-00617-9@dCNY0.80 | |
| 100 | @a20040509d1988 km y0chiy0120 ea | |
| 101 | 0 | @achi |
| 105 | @a z 000yy | |
| 200 | 1 | @a中老年健身迪斯科@AZhong Lao Nian Jian Shen Di Si Ke@f刘承鸾著@FLiu Cheng Luan Zhu |
| 210 | @a北京@c北京大学出版社@d1988.12 | |
| 215 | @a55页@c图@d19cm | |
| 606 | 0 | @a文娱性体育活动 |
| 690 | @aG899@v3 | |
| 701 | 0 | @a刘承鸾@4著 |
| 801 | @aCN@bTSTCL@c20040509 | |
| 905 | @f3@b256322-324@dG899@e128@b256326@f1 | |
| 中老年健身迪斯科/刘承鸾著.-北京:北京大学出版社,1988.12 |
| 55页:图;19cm |
| ISBN 7-301-00617-9:CNY0.80 |
| ● |
| 相关链接 |
|
|
|
|
正题名:中老年健身迪斯科
索取号:G899/128
 
预约/预借
| 序号 | 登录号 | 条形码 | 馆藏地/架位号 | 状态 | 备注 |
| 1 | 0256322 | 000306421 | 密集书库/ [索取号:G899/128] | 在馆 | |
| 2 | 0256323 | 000306449 | 第四借阅区/ [索取号:G899/128] | 在馆 | |
| 3 | 0256324 | 000306378 | 密集书库/ [索取号:G899/128] | 在馆 | |
| 4 | 0256326 | 000306430 | 密集书库/ [索取号:G899/128] | 在馆 |